00978nas a2200193 4545000010006000000050017000060080037000230030015000600400040000750800077001152450074001922640032002663100176002981000057004746500032005316500025005636500022005888560174006102652920260407193507.0260407s1969####ag###########|||spa#dAR-UNSa-BCEJYS aAR-UNSa-BCEJYSbspacAR-UNSa-BCEJYS a311.3xOrganización general de las estadisticas. Estadística oficial10aIntercambio comercial argentino según N.A.B.pEstadística mensual 1aBuenos Aires :bINDECc1969 aCambia de título a partir de Enero de 1971 por Intercambio comercial argentino Cambia de título a partir de Enero de 1973 por Intercambio comercial Frecuencia: Mensual1 aInstituto Nacional de Estadística y Censos (INDEC) aExportación/importación aDatos estadísticos aCOMERCIO EXTERIOR41uhttps://biblioeco.unsa.edu.ar/pmb/images/revistas/Intercambio comercial Argentina. Instituto Nacional de Estad?stica y Censos (INDEC).jpgyImagen de portadaqimage/jpeg